[Event "BCF-chT2a 1617 (4NCL)"]
[Site "England"]
[Date "2017.03.04"]
[Round "7.27"]
[White "Richardt, Mike"]
[Black "Graham, Cassie M"]
[Result "0-1"]
[WhiteElo "2036"]
[BlackElo "1852"]
[PlyCount "60"]
[EventDate "2016.11.19"]
[EventType "team-tourn"]
[EventRounds "11"]
[EventCountry "ENG"]
[SourceTitle "EXT 2019"]
[Source "ChessBase"]
[SourceDate "2018.10.10"]
[SourceVersion "1"]
[SourceVersionDate "2018.10.10"]
[SourceQuality "1"]
[WhiteTeam "West is Best"]
[BlackTeam "Sussex Martlets"]
[WhiteTeamCountry "ENG"]
[BlackTeamCountry "ENG"]

1. d4 Nf6 2. c4 g6 3. Nc3 Bg7 4. e4 d6 5. f4 0-0 6. Nf3 c5 7. d5 e6 8. Be2 exd5 9. exd5 Re8 10. 0-0 Bf5 11. Bd3 Qd7 12. Qc2 Bxd3 13. Qxd3 Na6 14. a3 Nc7 15. f5 a6 16. fxg6 hxg6 17. Bg5 b5 18. Nd2 Nh7 19. Bf4 Be5 20. Qg3 Re7 21. Rae1 Bxf4 22. Qxf4 Rae8 23. Nce4 f5 24. Qh6 fxe4 25. Nxe4 Rg7 26. Qxh7+ Kxh7 27. Nf6+ Kh6 28. Nxd7 Rxd7 29. Rxe8 Nxe8 30. Rf8 Re7 0-1